000 00448nam a22001697a 4500
005 20251108165247.0
008 250721s1974 xx 000 0 ara d
082 1 4 _a923.1/بكر
100 1 _aشلبي، محمود
245 1 0 _aإشتراكية أبي بكر /
250 _aط2
264 1 _aبيروت :
_bدار الجيل،
_c1974.
300 _a381ص
650 1 7 _aخلافة أبي بكر 634-632
942 _2ddc
_cBK
999 _c23507
_d23507